Statistics for Ancient Leaders by Letter: A

Click here to take the quiz!

General Stats

  • This quiz has been taken 55 times
  • The average score is 4 of 15

Answer Stats

NationHintAnswer% Correct
RomeDefeated Mark Anthony and became the first emperor of Rome.Augustus
98%
MacedoniaFamous conqueror of Greece, Persia, etc.Alexander the Great
94%
RomeOne of the five good emperors, known for keeping the empire peaceful.Antoninus Pius
45%
RomeHelped end the Crisis of the Third Century.Aurelian
36%
PersiaPersian king who suppressed an Egyptian revolt.Artaxerxes
23%
AssyriaRuled during the height of the Assyrian Empire.Ashurbanipal
23%
MacedonianGeneral who ascended to kingship.Antigonus
19%
RomeOne of the final emperors, he was overthrown and executed four years before Rome's fall.Anthemius
11%
SeleucidLast king titled, "The King of the Universe".Antiochus I
11%
SpartaSpartan king who was in power when the Peloponnesian War began.Archidamus
11%
RomeAppointed emperor by the Visigoth king during the final days of the Roman Empire.Avitus
11%
SpartaKing known for subjugating the Helots, and being the namesake of his dynasty.Agis I
6%
BabylonThe son and successor to Nebuchadnezzar.Amel-Marduk
6%
ThebesBrother and co-ruler of Zethus.Amphion
6%
SpartaThe last member of the dynasty of the above.Agesipolis
4%

Score Distribution

Percentile by Number Answered

Percent of People with Each Score

Your Score History

You have not taken this quiz